| 000 | 01578nam a2200385Ia 4500 | ||
|---|---|---|---|
| 008 | 130821s1927 ne gr spa | ||
| 040 |
_aCo-BoUCM _bspa |
||
| 041 | 0 | 0 | _aspa |
| 100 | 1 | _aNiboyet, J.P. | |
| 245 | 1 | 3 |
_aLa théorie de l'autonomie de la volonté _cJ.P. Niboyet |
| 260 |
_aLeiden (Holanda) _bA.W. Sijthoff _c1927 |
||
| 300 | _a615 páginas | ||
| 490 | 0 |
_aRecueil des Cours. _v16. _aCollected Courses of the Hague Academy of International Law |
|
| 504 | _aIncluye bibliografía e índice | ||
| 650 | 0 | 4 |
_aArmas químicas _99358 |
| 650 | 0 | 4 | _aAutonomía de la voluntad (Derecho) |
| 650 | 0 | 4 |
_aDerecho internacional privado _97497 |
| 650 | 0 | 4 |
_aDerecho internacional público _97498 |
| 650 | 0 | 4 |
_aDerecho internacional _912776 |
| 650 | 0 | 4 |
_aGuerra química _916630 |
| 650 | 0 | 4 |
_aSeguridad internacional _924104 |
| 700 | 1 | 2 | _aBourquin, Maurice |
| 700 | 1 | 2 | _aEysinga, W.J.M. van |
| 700 | 1 | 2 | _aKraus, Herbert |
| 700 | 1 | 2 | _aVerdross, Alfred |
| 700 | 1 | 2 | _aWilliams, John Fisher |
| 710 | 2 | _aAcadémie de Droit International Law. | |
| 740 | 0 | 2 | _aCrimes et délits contre la sureté des états étrangers / Maurice Bourquin. |
| 740 | 0 | 2 | _aQuelques aspects juridiques des transferts contractuels de richesse entre états / F. Williams. |
| 740 | 3 | 2 | _aLa guerre chimique et le mouvement pour sa ré pression / W.J.M. van Eysinga. |
| 740 | 3 | 2 | _aLa morale internationale / Herbert Kraus. |
| 740 | 3 | 2 | _aLe fondement du droit international / Alfred Verdross. |
| 942 |
_a8 _e1 _kR _mR311 _cLIBROREF _2DEWEY _h341.02 |
||
| 999 |
_c45717 _d45717 |
||